Modelom riadená evolúcia pravidlového systému

Na minha lista:
Detalhes bibliográficos
Autor principal: Linner, Štefan, 1989- (Author)
Outros Autores: Clementis, Ladislav, 1988- (Thesis advisor)
Formato: Manuscrito Livro
Idioma:eslovaco
Publicado em: Bratislava : STU v Bratislave FIIT, 2013
Assuntos:
Acesso em linha:VAIS
Tags: Adicionar Tag
Sem tags, seja o primeiro a adicionar uma tag!

MARC

LEADER 00000ntm a22000003a 4500
001 stu275720
005 20160211162644.8
008 131005s2013----xo------------------slo-d
040 |a STU  |b slo 
041 0 |a slo 
044 |a xo 
100 1 |a Linner, Štefan,  |d 1989-  |4 aut  |r Z4  |u I  |T FIIT Fakulta informatiky a informačných technológií  |X 64388  |U I  |Y 70  |7 A000064388 
242 0 0 |a Model driven evolution in rule-based system  |y eng 
245 1 |a Modelom riadená evolúcia pravidlového systému 
260 |a Bratislava :  |b STU v Bratislave FIIT,  |c 2013 
300 |a 64 s  |c príl. 
650 7 |a informatika  |2 stusub 
650 7 |a Informatics  |2 estusub 
650 7 |a genetic algorithm  |2 estusub 
650 7 |a námorná bitka  |2 stusub 
650 7 |a genetický algoritmus  |2 stusub 
650 7 |a klasifikátor  |2 stusub 
700 1 |a Clementis, Ladislav,  |d 1988-  |4 ths  |r Z3  |u I300  |U FIIT Fakulta informatiky a informačných technológií  |T FIIT Ústav aplikovanej informatiky  |X 36269  |U I300  |Y 180  |7 36269 
856 4 |a info a plný text  |u http://is.stuba.sk/zp/portal_zp.pl?podrobnosti=65219  |3 VAIS 
996 |b IBAP26/13  |c I*BAP26/13  |l II680  |s A  |a 24  |w stu275720_0001